000 00463nam a2200193Ia 4500
005 20250603144750.0
008 250603s9999 xx 000 0 und d
020 _a9780071105101
050 _aRD 31 .D64/
100 _aDoherty, Gerard M.
245 0 _aCurrent surgical diagnosis & treatment
250 _a12th ed.
260 _aNew York
260 _bMaGraw-Hill Companies
260 _c2006
300 _a1453 p
650 _aNew York
942 _cBK
999 _c39887
_d39887